Clubes sin licencia (PES) - Estadísticas

Estadísticas generales
  • Esta prueba ha sido intentada 13 veces
  • La puntuación promedio es 12 de 16
Estadísticas de respuestas
Imagen Hint Respuesta % Correcto
London FC Chelsea
100%
Milano RN AC Milan
92%
Man Blue Manchester City
92%
Man Red Manchester United
92%
North East London Tottenham Hotspur
92%
North London Arsenal
85%
Merseyside Red Liverpool
85%
Patagonia Boca Juniors
77%
Lombardia NA Inter
77%
MD White Real Madrid
77%
Pampas River Plate
77%
PM Black White Juventus
69%
AN Green White Real Betis
69%
AN White Red Sevilla FC
62%
KB Red White Atlético de Madrid
54%
Caopolo São Paulo
31%
No se encontraron pruebas coincidentes
Distribución de puntuación
Porcentaje de gente con cada puntuación
Porcentaje por número respondido
Historial de tus puntuaciones
No has intentado esta prueba.